Zufällige Flaggen aus der Welt - Statistiken

Allgemein
  • Dieses Quiz wurde 783 mal gespielt
  • Das Durchschnittsergebnis liegt bei 17 aus 20
Antwortstatistiken
Bildquiz Antwort % Korrekt
Belgien
97%
Brasilien
97%
Portugal
97%
Türkei
97%
Albanien
96%
China
96%
Deutschland
96%
Kanada
96%
Mexiko
96%
Russland
96%
Indien
95%
Rumänien
93%
Ägypten
91%
Uruguay
91%
Österreich
88%
Pakistan
88%
Belarus
87%
Italien
86%
Bangladesch
84%
Peru
84%
Sri Lanka
84%
Algerien
81%
Litauen
79%
Uganda
75%
Jemen
70%
Guatemala
65%
Lesotho
61%
Mosambik
61%
Keine übereinstimmenden Quizze gefunden
Verteilung der Resultate
Anzahl Personen mit jedem Resultat
Perzentil nach korrekt beantworteten Fragen
Ihre Resultats-Entwicklung
Sie haben dieses Quiz noch nicht gespielt